Statistics for General Knowledge #365

Click here to take the quiz!

General Stats

  • This quiz has been taken 122 times
    (93 since last reset)
  • The average score is 8 of 10

Answer Stats

HintAnswer% Correct
Biggest country in the worldRussia
100%
Biggest continent in the worldAsia
98%
Biggest country in South AmericaBrazil
96%
Most populated country in the worldChina
96%
Smallest country in the worldVatican City
91%
Biggest USA's state (by area)Alaska
88%
Biggest island in the world (not including continent)Greenland
84%
Nepal's capitalKathmandu
51%
Bhutan's capitalThimphu
26%
Smallest country in AsiaMaldives
25%

Score Distribution

Percentile by Number Answered

Percent of People with Each Score

Your Score History

You have not taken this quiz since the last reset